Language Quiz

Random Language or Letter Quiz
Score 0/17 Timer 01:00
1 Play Today
Hint answer % Correct
Change NBut
96.9%
Change NCut
94.3%
Change NPut
91.8%
Change NHut
91.3%
Change UNot
90.6%
Change NRut
90%
Change UNit
89.9%
Change NGut
89.4%
Change UNet
88.3%
Hint answer % Correct
Change NMut
87.9%
Change NTut
83.3%
Change NJut
82.6%
Change TNub
76.7%
Change NOut
74.6%
Change TNun
70%
Change TNug
65.5%
Change TNus
54.9%

You're not logged in!

Compare scores with friends on all Sporcle quizzes.
OR
Log In

Sporcle TV

Today on Sporcle TV


Watch our educational content, quiz creation guides, and fun videos on Sporcle TV.

Show Comments

Extras

Top Quizzes Today


Score Distribution

Paid Content

Your Account Isn't Verified!

In order to create a playlist on Sporcle, you need to verify the email address you used during registration. Go to your Sporcle Settings to finish the process.

Report this User

Report this user for behavior that violates our Community Guidelines.

Details: